00473cam a22001457a 4500008004000000082001800040100001800058245005500076260003300131300001000164650003000174700001500204999001900219952008900238180718b1975 xxu||||| |||| 00| 0 eng d aA99 N164/Sa72 aScarfe, Allan aJ.P.: his biographycby Allan Scarfe and W. Scarfe aDelhibOrient Longomanc1975 a462p. aNarayan Jayaprakash, 1902 aScarfe, W. c353747d353747 00104070aIIPAbIIPAd1993-12-06oA99 N164/Sa72p52318r2018-07-21w2018-07-21yBK